000 00556nam a2200217Ia 4500
005 20240619111609.0
008 131103s9999 xx 000 0 und d
040 _aLoreto College
041 _aEnglish
082 _a613
_bTUR
100 _aTurner, C.E.
245 _aPlanning for health education in schools
_cC.E.Turner
260 _aLondon
_bLongmans
_c1966
300 _a157p.
440 _aUnesco source book
504 _aIncludes bibliography
650 _aHealth & hygiene
651 _aHelth education
850 _aLCBED
942 _cBK
999 _c30286
_d80765